Dans ma paranoïa - Jul _ paroles - Statistiques

Statistiques générales
  • Ce quiz a été pris 63 fois
  • Le résultat moyen est 258 sur 403
Statistiques - réponses
Hint Réponse % Correct
dans
100%
Couplet 1 Je
100%
je
100%
paranoïa
100%
Outro Paranoïa
100%
la
98%
98%
ma
98%
moi
94%
route
94%
sur
94%
à
93%
foutre
93%
plus
93%
rien
93%
Pont Rien
93%
suis
93%
J'suis
87%
j'suis
87%
Laissez
87%
laissez
87%
J'en
83%
j'en
83%
ai
81%
le
78%
me
78%
pas
76%
ça
72%
Ca
72%
de
70%
ce
65%
Colombie
65%
les
65%
ta
65%
vie
65%
ennemis
63%
que
63%
drogue
61%
même
59%
femme
57%
si
57%
Ou
56%
tu
56%
Tu
56%
mais
54%
Mais
54%
sais
54%
changé
52%
Couplet 2 Dites
52%
dites
52%
j'ai
52%
mal
52%
tout
52%
A-amis
50%
Au
50%
au
50%
Dis
50%
dis
50%
name
50%
Snoop
50%
vient
50%
What
50%
your
50%
douce
48%
Elles
48%
embrouilles
48%
Embrouilles
48%
sont
48%
veulent
48%
est
46%
et
46%
gros
46%
quand
46%
qui
46%
t'es
46%
y'a
46%
cent
44%
C'est
44%
c'est
44%
fais
44%
filles
44%
maléfiques
44%
mère
44%
ouais
44%
paranoïaque
44%
Paranoïaque
44%
seul
44%
connais
43%
J'connais
43%
non
43%
avec
41%
balles
41%
chance
41%
légende
41%
n'ai
41%
pour
41%
valent
41%
vend
41%
femmes
39%
finis
39%
ici
39%
rentrer
39%
t'as
39%
très
39%
chez
37%
gens
37%
mon
37%
attends
35%
cité
35%
repars
35%
veux
35%
bien
33%
ceinture
33%
Dogg
33%
mis
33%
piquet
33%
pisté
33%
un
33%
call
31%
c'quelles
31%
gamberges
31%
j'tente
31%
n'est
31%
pointure
31%
coups
30%
d'après
30%
des
30%
J'veux
30%
pourquoi
30%
quittes
30%
tente
30%
traitres
30%
vidé
30%
acquis
28%
j'fais
28%
j't'écoute
28%
tieq
28%
fait
26%
grosses
26%
J'calcule
26%
parking
26%
simplement
26%
smoke
26%
Who
26%
y'est
26%
fautes
24%
fils
24%
fois
24%
m'disent
24%
qu'tu
24%
test
24%
coupes
22%
dur
22%
kil'
22%
qu'rien
22%
fuck
20%
j'donne
20%
tarpin
20%
vier
20%
Hey
19%
l'coinceur
19%
l'sol
19%
l'voleur
19%
Couz
17%
j'fait
17%
met
17%
s'troque
17%
suivre
17%
d'se
15%
glisser
13%
Prada
13%
voir
13%
l'zingueur
11%
pourma
11%
mois
9%
pointues
9%
videur
9%
jedonne
7%
pranoïa
0%
Aucun quiz correspondant
Distribution des résultats
% des personnes avec chaque résultat
Percentile par nombre de réponses
Votre historique - résultats
Vous n’avez pas pris ce quiz